Eastern Utah Libraries Catalog: Duchesne, Heber, Roosevelt, & Vernal

The red door / (Record no. 286382)

MARC details
000 -LEADER
fixed length control field 03352cam a2200841 a 4500
001 - CONTROL NUMBER
control field ocn401715264
003 - CONTROL NUMBER IDENTIFIER
control field OCoLC
005 - DATE AND TIME OF LATEST TRANSACTION
control field 20200320193656.0
008 - FIXED-LENGTH DATA ELEMENTS--GENERAL INFORMATION
fixed length control field 090615s2010 nyu 000 1 eng
010 ## - LIBRARY OF CONGRESS CONTROL NUMBER
LC control number 2009024160
015 ## - NATIONAL BIBLIOGRAPHY NUMBER
National bibliography number GBB061349
Source bnb
016 7# - NATIONAL BIBLIOGRAPHIC AGENCY CONTROL NUMBER
Record control number 015551742
Source Uk
019 ## -
-- 457161194
-- 472355548
-- 677819626
020 ## - INTERNATIONAL STANDARD BOOK NUMBER
International Standard Book Number 9780061726163 (hc)
020 ## - INTERNATIONAL STANDARD BOOK NUMBER
International Standard Book Number 0061726168 (hc)
020 ## - INTERNATIONAL STANDARD BOOK NUMBER
International Standard Book Number 9780061969799 (international edition)
020 ## - INTERNATIONAL STANDARD BOOK NUMBER
International Standard Book Number 0061969796 (international edition)
020 ## - INTERNATIONAL STANDARD BOOK NUMBER
International Standard Book Number 9780061726170 (pbk.)
020 ## - INTERNATIONAL STANDARD BOOK NUMBER
International Standard Book Number 0061726176 (pbk.)
020 ## - INTERNATIONAL STANDARD BOOK NUMBER
Terms of availability 14.99
029 1# - (OCLC)
OCLC library identifier AU@
System control number 000044329881
029 1# - (OCLC)
OCLC library identifier AU@
System control number 000044487157
029 1# - (OCLC)
OCLC library identifier AU@
System control number 000045310907
029 1# - (OCLC)
OCLC library identifier CDX
System control number 10347195
029 1# - (OCLC)
OCLC library identifier NLGGC
System control number 322700205
029 1# - (OCLC)
OCLC library identifier NZ1
System control number 13126924
029 1# - (OCLC)
OCLC library identifier NZ1
System control number 13201703
029 1# - (OCLC)
OCLC library identifier NZ1
System control number 13249652
029 1# - (OCLC)
OCLC library identifier UKBOR
System control number 12174468X
029 1# - (OCLC)
OCLC library identifier UKDOR
System control number 12174468X
029 1# - (OCLC)
OCLC library identifier UNITY
System control number 12174468X
029 1# - (OCLC)
OCLC library identifier AU@
System control number 000046144073
035 ## - SYSTEM CONTROL NUMBER
System control number (OCoLC)401715264
Canceled/invalid control number (OCoLC)457161194
-- (OCoLC)472355548
-- (OCoLC)677819626
040 ## - CATALOGING SOURCE
Original cataloging agency DLC
Language of cataloging eng
Transcribing agency DLC
Modifying agency BTCTA
-- UPZ
-- JST
-- C#P
-- YDXCP
-- BWX
-- VP@
-- DPL
-- CDX
-- UKM
-- HBP
-- CVS
-- AU@
-- OCLCF
-- TOH
-- BLP
-- T7B
-- WACOL
043 ## - GEOGRAPHIC AREA CODE
Geographic area code e-uk-en
049 ## - LOCAL HOLDINGS (OCLC)
Holding library WACL
050 00 - LIBRARY OF CONGRESS CALL NUMBER
Classification number PS3570.O37
Item number R43 2010
082 00 - DEWEY DECIMAL CLASSIFICATION NUMBER
Classification number 813/.54
Edition number 22
092 ## - LOCALLY ASSIGNED DEWEY CALL NUMBER (OCLC)
Classification number F
Item number Tod
100 1# - MAIN ENTRY--PERSONAL NAME
Personal name Todd, Charles.
9 (RLIN) 43841
245 14 - TITLE STATEMENT
Title The red door /
Statement of responsibility, etc Charles Todd.
250 ## - EDITION STATEMENT
Edition statement 1st ed.
260 ## - PUBLICATION, DISTRIBUTION, ETC. (IMPRINT)
Place of publication, distribution, etc New York :
Name of publisher, distributor, etc William Morrow,
Date of publication, distribution, etc c2010.
300 ## - PHYSICAL DESCRIPTION
Extent 344 p. ;
Dimensions 24 cm.
336 ## - Content Type
Content type term text
337 ## - Media type
Media type term unmediated
338 ## - Carrier type
Carrier type term volume
490 1# - SERIES STATEMENT
Series statement The Ian Rutledge mysteries
520 ## - SUMMARY, ETC.
Summary, etc In post-World War I England, Scotland Yard detective Ian Rutledge faces a wall of silence as he attempts to bring a ruthless killer to justice for the bludgeoning death of a Lancashire woman and the murder of a man who never came home from the Great War.
650 #0 - SUBJECT ADDED ENTRY--TOPICAL TERM
Topical term or geographic name as entry element Rutledge, Ian (Fictitious character)
Form subdivision Fiction.
9 (RLIN) 5700105
650 #0 - SUBJECT ADDED ENTRY--TOPICAL TERM
Topical term or geographic name as entry element Police
Geographic subdivision England
Form subdivision Fiction.
9 (RLIN) 5674817
650 #0 - SUBJECT ADDED ENTRY--TOPICAL TERM
Topical term or geographic name as entry element World War, 1914-1918
Geographic subdivision England
Form subdivision Fiction.
9 (RLIN) 5717350
611 27 - SUBJECT ADDED ENTRY--MEETING NAME
Meeting name or jurisdiction name as entry element World War (1914-1918)
Source of heading or term fast
-- (OCoLC)fst01180746
9 (RLIN) 5712415
650 #7 - SUBJECT ADDED ENTRY--TOPICAL TERM
Topical term or geographic name as entry element Detective and mystery stories, English.
Source of heading or term fast
-- (OCoLC)fst00891515
9 (RLIN) 5897565
650 #7 - SUBJECT ADDED ENTRY--TOPICAL TERM
Topical term or geographic name as entry element Police.
Source of heading or term fast
-- (OCoLC)fst01068398
9 (RLIN) 5897566
650 #7 - SUBJECT ADDED ENTRY--TOPICAL TERM
Topical term or geographic name as entry element Rutledge, Ian (Fictitious character)
Source of heading or term fast
-- (OCoLC)fst01102601
9 (RLIN) 99212
651 #7 - SUBJECT ADDED ENTRY--GEOGRAPHIC NAME
Geographic name England.
Source of heading or term fast
-- (OCoLC)fst01219920
9 (RLIN) 5897567
650 #7 - SUBJECT ADDED ENTRY--TOPICAL TERM
Topical term or geographic name as entry element Rutledge, Ian (Fictional character)
Form subdivision Fiction.
Source of heading or term sears
9 (RLIN) 5897568
650 #7 - SUBJECT ADDED ENTRY--TOPICAL TERM
Topical term or geographic name as entry element Police
Geographic subdivision England
Form subdivision Fiction.
Source of heading or term sears
9 (RLIN) 5674817
650 #7 - SUBJECT ADDED ENTRY--TOPICAL TERM
Topical term or geographic name as entry element World War, 1914-1918
Geographic subdivision England
Form subdivision Fiction.
Source of heading or term sears
9 (RLIN) 5717350
648 #7 - SUBJECT ADDED ENTRY--CHRONOLOGICAL TERM
Chronological term 1914 - 1918
Source of heading or term fast
9 (RLIN) 5713925
655 #7 - INDEX TERM--GENRE/FORM
Genre/form data or focus term Mystery fiction.
Source of term gsafd
9 (RLIN) 5897569
655 #0 - INDEX TERM--GENRE/FORM
Genre/form data or focus term Detective and mystery stories.
9 (RLIN) 5897570
655 #7 - INDEX TERM--GENRE/FORM
Genre/form data or focus term Fiction.
Source of term fast
-- (OCoLC)fst01423787
9 (RLIN) 5673940
800 1# - SERIES ADDED ENTRY--PERSONAL NAME
Personal name Todd, Charles.
Title of a work Inspector Ian Rutledge novels.
9 (RLIN) 5701665
938 ## -
-- Baker and Taylor
-- BTCP
-- BK0008600578
938 ## -
-- Coutts Information Services
-- COUT
-- 10347195
938 ## -
-- YBP Library Services
-- YANK
-- 3940181
942 ## - ADDED ENTRY ELEMENTS (KOHA)
Koha item type BOOK
948 ## - LOCAL PROCESSING INFORMATION (OCLC); SERIES PART DESIGNATOR (RLIN)
Series part designator, SPT (RLIN) 04/04/2015
z (OCLC) Sirsi
994 ## -
-- 02
-- WACOL
996 ## -
-- 116921
-- 34301001419771
-- F
-- bk
-- wcl
-- i
-- 5
-- 14.99
-- amazon
-- Tod
-- 04/04/2015
-- 09/19/2018
-- 08/31/2018
Holdings
Withdrawn status Lost status Source of classification or shelving scheme Damaged status Not for loan Collection code Home library Current library Shelving location Date acquired Source of acquisition Cost, normal purchase price Total Checkouts Total Renewals Full call number Barcode Date last seen Date checked out Cost, replacement price Price effective from Koha item type
    Dewey Decimal Classification     Fiction Wasatch County Library Wasatch County Library First Floor 04/04/2015 Amazon 14.99 8 1 F Todd 34301001419771 07/14/2025 07/01/2025 14.99 03/20/2020 BOOK
This project was made possible through a grant from the Institute of Museum and Library Service administered by the Utah State Library Division.

Wasatch County Library

  • 465 East 1200 South, Heber City, Utah 84032
  • Phone 435-654-1511 | Fax 435-654-6456

Hours

  • Monday - Friday 9:30 AM - 8:00 PM
  • Saturday 9:30 AM - 1:30 PM
  • Closed Sundays and Holidays